<?xml version="1.0" encoding="UTF-8"?>
<record
    xmlns:xsi="http://www.w3.org/2001/XMLSchema-instance"
    xsi:schemaLocation="http://www.loc.gov/MARC21/slim http://www.loc.gov/standards/marcxml/schema/MARC21slim.xsd"
    xmlns="http://www.loc.gov/MARC21/slim">

  <leader>     nam a22        4500</leader>
  <datafield tag="999" ind1=" " ind2=" ">
    <subfield code="c">90599</subfield>
    <subfield code="d">90347</subfield>
  </datafield>
  <controlfield tag="005">20250522145834.0</controlfield>
  <controlfield tag="008">250522b        xxu||||| |||| 00| 0 eng 0</controlfield>
  <datafield tag="040" ind1=" " ind2=" ">
    <subfield code="a">\a NG-ZaABU</subfield>
    <subfield code="c">\c NG-ZaABU</subfield>
    <subfield code="d">\d NG-ZaABU</subfield>
  </datafield>
  <datafield tag="050" ind1=" " ind2=" ">
    <subfield code="a">\a RS 191.5 Kur</subfield>
    <subfield code="b">\b 511197</subfield>
  </datafield>
  <datafield tag="100" ind1=" " ind2=" ">
    <subfield code="9">9867</subfield>
    <subfield code="a">a Kurfi, Shuaibu Fatima</subfield>
  </datafield>
  <datafield tag="245" ind1=" " ind2=" ">
    <subfield code="a">\a Evaluation of Modified Finger Millet Starch (Eleusine coracana L.) as Filler-Binder in Direct Compressonr</subfield>
    <subfield code="c">\c / by Fatima Kurfi Shuaibu</subfield>
    <subfield code="h">\h [Text]</subfield>
  </datafield>
  <datafield tag="260" ind1=" " ind2=" ">
    <subfield code="a">\a Zaria:</subfield>
    <subfield code="b">\b Dept. of Pharmaceutical Microbiology, ABU</subfield>
    <subfield code="c">\c 2017.</subfield>
  </datafield>
  <datafield tag="300" ind1=" " ind2=" ">
    <subfield code="a">\a xviii,145leaves.:</subfield>
    <subfield code="b">\b ill.</subfield>
  </datafield>
  <datafield tag="502" ind1=" " ind2=" ">
    <subfield code="a">\a Faculty of Pharmaceutical Sciences</subfield>
    <subfield code="b">\b Thesis: (M.Sc)  in Pharmaceutics</subfield>
    <subfield code="d">\d 2017</subfield>
  </datafield>
  <datafield tag="504" ind1=" " ind2=" ">
    <subfield code="a">\a Includes bibliographical references</subfield>
  </datafield>
  <datafield tag="852" ind1=" " ind2=" ">
    <subfield code="a">\a KIL</subfield>
    <subfield code="c">\c Africana Unit </subfield>
    <subfield code="p">\p 511197</subfield>
  </datafield>
  <datafield tag="942" ind1=" " ind2=" ">
    <subfield code="2">lcc</subfield>
    <subfield code="c">BK</subfield>
    <subfield code="h">\h 191.5</subfield>
    <subfield code="k">\k RS</subfield>
    <subfield code="m">\m Kur</subfield>
  </datafield>
  <datafield tag="952" ind1=" " ind2=" ">
    <subfield code="0">0</subfield>
    <subfield code="1">0</subfield>
    <subfield code="2">lcc</subfield>
    <subfield code="4">0</subfield>
    <subfield code="7">0</subfield>
    <subfield code="a">KIL</subfield>
    <subfield code="b">KIL</subfield>
    <subfield code="c">AFRICA</subfield>
    <subfield code="d">2025-05-22</subfield>
    <subfield code="l">0</subfield>
    <subfield code="o">\o RS 191.5 Kur</subfield>
    <subfield code="p">\p 30005107849781</subfield>
    <subfield code="r">2025-05-22 00:00:00</subfield>
    <subfield code="t">\t 511197</subfield>
    <subfield code="w">2025-05-22</subfield>
    <subfield code="y">BK</subfield>
  </datafield>
</record>
